000 01982cam a2200433 a 4500
999 _c17956
_d17956
008 121123t20142009caua bf 001 0 eng d
010 _a 2012954572
020 _a9781285077192
020 _a1285077199
050 0 0 _aLC1072.I58S84 2014
100 1 _aSweitzer, H. Frederick,
_eauthor.
245 1 4 _aThe successful internship :
_bpersonal, professional, and civic development in experiential learning /
_cH. Frederick Sweitzer, University of Hartford, Mary A. King, Fitchburg State University.
250 _aFourth edition.
300 _axxviii, 436 pages :
_billustrations ;
_c23 cm
504 _aIncludes bibliographical references and index.
650 0 _aInterns (Education)
_zUnited States
_vHandbooks, manuals, etc.
650 0 _aInternship programs
_zUnited States.
650 0 _aExperiential learning
_zUnited States.
650 0 _aHuman services
_xStudy and teaching (Higher)
_zUnited States.
700 1 _aKing, Mary A.,
_eauthor.
856 4 2 _3Contributor biographical information
_uhttp://www.loc.gov/catdir/enhancements/fy1403/2012954572-b.html
856 4 2 _3Publisher description
_uhttp://www.loc.gov/catdir/enhancements/fy1403/2012954572-d.html
856 4 1 _3Table of contents only
_uhttp://www.loc.gov/catdir/enhancements/fy1403/2012954572-t.html
942 _2lcc
_cBOOKS
_hLC1072.I58S84 2014